00501nam a2200193 a 4500001001300000003000900013005001700022008004100039020001100080082001800091100002500109245003300134260003700167300000800204500003500212505001500247650002000262700002500282nice12345678IN_TiNIC20260116012406.0050524s1938 laha grp 000 0 urd  ac0.2500a891.4393bKAU aKaushal, Ram Swaroop aJadugar Awr Doosri Kahaniyan aLahorebDarul Ishaat Quranc1938 a71p aincludes index and biblioraphy2 aManuscript aUrdu-Literature1 aKaushal, Ram Swaroop